Animovaní a filmoví hrdinové v reklamních rolích
Výber animovanej postavičky do reklamy ovplyvnený aktuálnym trendom. Animované postavy nie len v reklamách na detské produkty. Krátkodobosť životnosti takýchto reklám. Vymysleným hrdinom aféry nehrozia. Korešpondencia reklamnej kampane s príbehom animovanej postavy.
Uložené v:
| Hlavný autor: | |
|---|---|
| Médium: | Kapitola |
| Jazyk: | Czech |
| Predmet: | |
| Tagy: |
Žiadne tagy, Buďte prvý, kto otaguje tento záznam!
|
MARC
| LEADER | 00000naa$a2200000$$$4500 | ||
|---|---|---|---|
| 001 | 0054344 | ||
| 005 | 20231016105830.7 | ||
| 041 | 0 | |a cze | |
| 044 | |a CZ | ||
| 245 | 1 | 0 | |a Animovaní a filmoví hrdinové v reklamních rolích |c Vlasta Vyhnánková |
| 520 | |a Výber animovanej postavičky do reklamy ovplyvnený aktuálnym trendom. Animované postavy nie len v reklamách na detské produkty. Krátkodobosť životnosti takýchto reklám. Vymysleným hrdinom aféry nehrozia. Korešpondencia reklamnej kampane s príbehom animovanej postavy. | ||
| 610 | 2 | 0 | |a reklama |
| 610 | 2 | 0 | |a kampane reklamné |
| 610 | 2 | 0 | |a informácie |
| 610 | 2 | 0 | |a film |
| 610 | 2 | 0 | |a televízia |
| 610 | 2 | 0 | |a spotrebitelia |
| 610 | 2 | 0 | |a skupiny vekové |
| 100 | 1 | |a Vyhnánková, Vlasta | |